Gymnázium Vazovova Bratislava ročenka ...

Bibliographic Details
Format: Journal
Language:Slovak
PhysicalDescription:zv. 21 cm
Published: Bratislava Faber [1998]-[2000]
ISBN:8089019064
Subjects:

MARC

LEADER 00000cas a2200000 a 4500
001 vtls001443577
003 SK-MaSNL
005 20260425194053.0
008 160415d19982000xo ar|p 0 0b0slo
015 |a SNBE2002/04-02147 
020 |a 8089019064 
035 |a SNK000398802 
040 |a SNK  |b slo  |c SNK  |e AACR2 
041 0 |a slo 
044 |a xo  |c SK 
072 7 |a 373.5/.6  |x Stredné školy  |2 konspekt 
080 |a 373.5  |2 2011 
080 |a (437.6)  |2 2011 
080 |a 050  |2 2001 
080 |a (047.1)  |2 2011 
245 0 0 |a Gymnázium Vazovova Bratislava  |b ročenka ... 
246 1 3 |a Gymnázium Jána Papánka  |b ročenka ... 
246 1 3 |a Gymnázium Jána Papánka, Vazovova  |b ročenka 
246 1 3 |a Gymnázium Jána Papánka 
246 1 3 |a Ročenka Gymnázia Jána Papánka, Vazovova Bratislava 
260 |a Bratislava  |b Faber  |c [1998]-[2000] 
300 |a zv.  |c 21 cm 
310 |a 1x ročne 
362 0 |a [1998]-[2000]  |z SKP 
650 0 7 |a gymnáziá  |2 SNKPH  |9 16386 
651 7 |a Bratislava (Slovensko)  |2 SNKPHgeo  |9 14568 
655 7 |a výročné správy  |2 SNKPH  |9 70580 
850 |a Slovenská národná knižnica v Martine 
910 |a snk 
919 |a 80-89019-06-4 
999 |c 3237  |d 5167 
952 |a SNK  |b SNK  |y PREZ  |7 0  |p 17A0363134  |o snkČSD 1996/1998-2000  |i snkKSP 13570/2002  |0 0  |1 0  |4 0  |d 2002-11-07  |l 0  |r 2005-01-02 00:00:00  |w 2026-02-21 
952 |a SNK  |b SNK  |y PREZ  |7 0  |p 17A0363135  |o snkČSD 1996/1998-2000 D1  |i snkKSP 13571/2002  |0 0  |1 0  |4 0  |d 2002-11-07  |l 0  |r 2005-01-02 00:00:00  |w 2026-02-21